Panchsheela and after: (Record no. 18007)

MARC details
000 -LEADER
fixed length control field 00896cam a2200265u 4500
001 - CONTROL NUMBER
control field 6558593
003 - CONTROL NUMBER IDENTIFIER
control field BDDh-ASL
005 - DATE AND TIME OF LATEST TRANSACTION
control field 20231015025653.0
008 - FIXED-LENGTH DATA ELEMENTS--GENERAL INFORMATION
fixed length control field 850624t1960 xx 000 0 eng
010 ## - LIBRARY OF CONGRESS CONTROL NUMBER
LC control number 61004825
040 ## - CATALOGING SOURCE
Original cataloging agency DLC
Transcribing agency CarP
Modifying agency BDDh-ASL
043 ## - GEOGRAPHIC AREA CODE
Geographic area code a-cc---
-- a-cc-ti
-- a-ii---
050 00 - LIBRARY OF CONGRESS CALL NUMBER
Classification number DS450.C5
Item number J3
082 ## - DEWEY DECIMAL CLASSIFICATION NUMBER
Classification number 327.51054
Item number JAP
100 1# - MAIN ENTRY--PERSONAL NAME
Personal name Jain, Girilal,
Dates associated with a name 1924-1993.
245 10 - TITLE STATEMENT
Title Panchsheela and after:
Remainder of title a re-appraisal of Sino-Indian relations in the context of the Tibetan insurrection/
Statement of responsibility, etc. Girlal Jain.
260 ## - PUBLICATION, DISTRIBUTION, ETC.
Place of publication, distribution, etc. London:
Name of publisher, distributor, etc. Asia Pub. House,
Date of publication, distribution, etc. c1960.
300 ## - PHYSICAL DESCRIPTION
Extent 233 p.:
Dimensions 23 cm.
500 ## - GENERAL NOTE
General note Includes index.
651 #0 - SUBJECT ADDED ENTRY--GEOGRAPHIC NAME
Geographic name India
General subdivision Foreign relations
Geographic subdivision China.
651 #0 - SUBJECT ADDED ENTRY--GEOGRAPHIC NAME
Geographic name China
General subdivision Foreign relations
Geographic subdivision India.
651 #0 - SUBJECT ADDED ENTRY--GEOGRAPHIC NAME
Geographic name Tibet Autonomous Region (China)
General subdivision Politics and government.
906 ## - LOCAL DATA ELEMENT F, LDF (RLIN)
a 0
b cbc
c premunv
d u
e ncip
f 19
g y-gencatlg
942 ## - ADDED ENTRY ELEMENTS (KOHA)
Source of classification or shelving scheme Dewey Decimal Classification
Koha item type Books
Holdings
Withdrawn status Lost status Source of classification or shelving scheme Damaged status Not for loan Collection code Home library Current library Shelving location Date acquired Source of acquisition Total Checkouts Full call number Barcode Date last seen Copy number Price effective from Koha item type Public note
    Dewey Decimal Classification   Not For Loan Non-fiction Asiatic Society Library Asiatic Society Library General Stacks 09/16/2020 Donated by Prof. John B. Harrison   327.51054 JAP 101152 09/16/2020 C-1 09/16/2020 Books RARE

Powered by Koha